The Benderly boys & American Jewish education (Record no. 82455)
[ view plain ]
| 000 -LEADER | |
|---|---|
| fixed length control field | 01555nam a2200373 a 4500 |
| 082 04 - DEWEY DECIMAL CLASSIFICATION NUMBER | |
| Classification number | 370.89/924073 |
| 100 1# - MAIN ENTRY--AUTHOR NAME | |
| Personal name | Krasner, Jonathan B. |
| 245 14 - TITLE STATEMENT | |
| Title | The Benderly boys & American Jewish education |
| 260 ## - PUBLICATION, DISTRIBUTION, ETC. (IMPRINT) | |
| Place of publication | Waltham, Mass. : |
| Name of publisher | Brandeis University Press, |
| Year of publication | c2011. |
| 300 ## - PHYSICAL DESCRIPTION | |
| Number of Pages | xii, 498 p. : |
| Other physical details | ill. |
| 490 1# - SERIES STATEMENT | |
| Series statement | Brandeis series in American Jewish history, culture, and life |
| 650 #0 - SUBJECT ADDED ENTRY--TOPICAL TERM | |
| Topical Term | Jews |
| 856 40 - ELECTRONIC LOCATION AND ACCESS | |
| Uniform Resource Identifier | http://site.ebrary.com/lib/rucke/Doc?id=10583988 |
No items available.
